000
00270nam a22001337a 4500
003
SGT
082
_a
618.92
_b
H11M
100
_a
MOTALA, CASSIM
245
_a
HB. OF PEDIATRICS
250
_a
7TH
260
_a
INDIA
_b
OXFORD
_c
2011
300
_a
596
942
_2
ddc
_c
BK
999
_c
14923
_d
14923